Estado autonómico y Comunidad Europea / (Record no. 10204)

MARC details
000 -LEADER
campo de control de longitud fija 00966nam a2200289 i 4500
001 - NÚMERO DE CONTROL
campo de control 10204
003 - IDENTIFICADOR DE NÚMERO DE CONTROL
campo de control ES-MaACL
005 - FECHA Y HORA DE LA ÚLTIMA TRANSACCIÓN
campo de control 20230906145835.0
007 - CAMPO FIJO DE DESCRIPCIÓN FÍSICA--INFORMACIÓN GENERAL
campo de control de longitud fija t|
008 - DATOS DE LONGITUD FIJA--INFORMACIÓN GENERAL
campo de control de longitud fija 950317s1993 sp ||||1| spa d
020 ## - NÚMERO INTERNACIONAL ESTÁNDAR DEL LIBRO
Número Internacional Estándar del Libro 84-309-2406-X
080 ## - NÚMERO DE LA CLASIFICACIÓN DECIMAL UNIVERSAL
Número de la Clasificación Decimal Universal 341.176(4-672 CE)
080 ## - NÚMERO DE LA CLASIFICACIÓN DECIMAL UNIVERSAL
Número de la Clasificación Decimal Universal 342.25(46)
080 ## - NÚMERO DE LA CLASIFICACIÓN DECIMAL UNIVERSAL
Número de la Clasificación Decimal Universal 35(46).072.23
100 1# - ENTRADA PRINCIPAL--NOMBRE DE PERSONA
Nombre de persona Pérez Calvo, Alberto.
9 (RLIN) 90696
245 10 - MENCIÓN DEL TÍTULO
Título Estado autonómico y Comunidad Europea /
Mención de responsabilidad, etc. Alberto Pérez Calvo.
260 ## - PUBLICACIÓN, DISTRIBUCIÓN, ETC.
Lugar de publicación, distribución, etc. Madrid :
Nombre del editor, distribuidor, etc. Tecnos,
Fecha de publicación, distribución, etc. D.L.1993.
300 ## - DESCRIPCIÓN FÍSICA
Extensión 324 ;
Dimensiones 18 cm.
490 1# - MENCIÓN DE SERIE
Mención de serie Temas clave de la Constitución Española
504 ## - NOTA DE BIBLIOGRAFÍA, ETC.
Nota de bibliografía, etc. Bibliografía: p. 315-324.
610 26 - PUNTO DE ACCESO ADICIONAL DE MATERIA--NOMBRE DE ENTIDAD CORPORATIVA
Nombre de entidad corporativa o nombre de jurisdicción como elemento de entrada Comunidades Europeas-
Subdivisión geográfica España.
9 (RLIN) 3140
650 14 - PUNTO DE ACCESO ADICIONAL DE MATERIA--TÉRMINO DE MATERIA
Término de materia o nombre geográfico como elemento de entrada Conflictos de jurisdicción y competencia (Administración)-
Subdivisión geográfica España.
9 (RLIN) 11274
650 ## - PUNTO DE ACCESO ADICIONAL DE MATERIA--TÉRMINO DE MATERIA
Término de materia o nombre geográfico como elemento de entrada España-
Subdivisión general Comunidades autónomas.
9 (RLIN) 178649
830 0# - PUNTO DE ACCESO ADICIONAL DE SERIE-TÍTULO UNIFORME
Título uniforme Temas clave de la Constitución Española
9 (RLIN) 178650
852 ## - LOCALIZACIÓN
Ubicación ES-MaACL
Número de control de estantería L-17621
Sublocalización o colección R.123211
Holdings
Estatus retirado Estado de pérdida Estado de daño No para préstamo Biblioteca de origen Biblioteca actual Ubicación en estantería Fecha de adquisición Fuente de adquisición Total de préstamos Signatura topográfica completa Código de barras Visto por última vez Precio de reemplazo Tipo de ítem Koha
        Biblioteca del Ateneo de Madrid Biblioteca del Ateneo de Madrid Depósito 2 17/01/2008     L-17621 1010413 23/02/2023 23/02/2023 Libro impreso